000 01261nab a22002537a 4500
999 _c5761
_d5761
003 OSt
005 20260105151111.0
008 190514b xxu||||| |||| 00| 0 spa d
040 _cPJ
100 _96675
_aBurgos Baranda, María Cecilia
245 1 0 _aDe cómo interpretar las viejas instituciones. Lesión y perspectiva de género /
_cMaría Cecilia Burgos Baranda, Estela Morano.
300 _ap. 156-165
500 _aCita: TR LALEY AR/DOC/880/2025.
505 _aSumario: I. El caso en estudio.— II. Los convenios de liquidación y partición.— III. La lesión subjetiva.— IV. La cuestión de género en la sentencia del Superior Tribunal.— V. Conclusión.
505 _tFallo comentado: ST Río Negro ~ 12/08/2024 ~ A. L. G. C. C. M. M. s/ varios s/ casación.
650 0 _9967
_aDERECHO DE FAMILIA
650 0 _91022
_aLIQUIDACION DE LA SOCIEDAD CONYUGAL
650 0 _95360
_aVIOLENCIA ECONÓMICA
650 0 _96356
_aPRIVACION DE LA RESPONSABILIDAD PARENTAL
650 0 _91057
_aJURISPRUDENCIA APLICABLE
700 _96676
_aMorano, Estela
_ecoautor
773 0 _02844
_93222
_dBuenos Aires : AbeledoPerrot, 1989-
_tDerecho de familia. Revista Interdisciplinaria de doctrina y jurisprudencia. Junio 2025-III.
_z18511201
942 _2udc
_cANA